000 00590 a2200205 4500
001 62481
005 20260407155918.0
008 260407a1982 arg spa d
003 AR-UNSa-BCEJYS
040 _aAR-UNSa-BCEJYS
_bspa
_cAR-UNSa-BCEJYS
080 _a351.712
_xObras públicas. Contratos, contratantes
245 1 0 _aNormas de contrataciones administrativas
020 _a978-950-02-1400-1
264 1 _aBuenos Aires :
_bCONICET
_c1982
300 _a3 v.
_c22 cm.
041 _aspa
942 _cBK
590 _aniveau_biblio:m niveau_hierar:0
100 1 _aLuqui, Roberto Enrique
999 _c7675
_d7675